| 000 | 00443nam a2200157Ia 4500 | ||
|---|---|---|---|
| 008 | 230312s9999||||xx |||||||||||||| ||und|| | ||
| 020 | _a0155083558 | ||
| 082 |
_a384 _bCLA-W |
||
| 100 | _aClark, Carol Lea | ||
| 245 | 0 | _aWired society | |
| 260 |
_bHarcourt Brace College _aFort Worth _c1999 |
||
| 300 | _a528 | ||
| 546 | _aEng. | ||
| 650 |
_aManagement _vCyberspace, Internet as a personal freedon, Wired society and human nature |
||
| 942 | _cBK | ||
| 999 |
_c2000 _d2000 |
||